Normal view
MARC view
- E-COMMERCE
Entry Topical Term
001 - CONTROL NUMBER
- control field: 60946
003 - CONTROL NUMBER IDENTIFIER
- control field: NUST
005 - DATE AND TIME OF LATEST TRANSACTION
- control field: 20210628202645.0
008 - FIXED-LENGTH DATA ELEMENTS
- fixed length control field: 210628|| aca||aabn | a|a d
040 ## - CATALOGING SOURCE
- Original cataloging agency: NUST
- Transcribing agency: NUST
150 ## - HEADING--TOPICAL TERM
- Topical term or geographic name entry element: E-COMMERCE
670 ## - SOURCE DATA FOUND
- Source citation: Work cat.: (NUST): Kalakota, Ravi,Whinston, Andrew.B 60945, Electronic commerce a managers guide, 2000
